[Event "Titled Tue 1st Jul Early"]
[Site "chess.com INT"]
[Date "2025.07.01"]
[Round "2"]
[White "Mikhailova, Irina"]
[Black "Sydoryka, Vladyslav"]
[Result "1-0"]
[WhiteTitle "WGM"]
[BlackTitle "FM"]
[WhiteElo "2143"]
[BlackElo "2246"]
[WhiteFideId "4109040"]
[BlackFideId "14145928"]
[EventDate "2025.07.01"]

1. d4 Nf6 2. Nf3 d5 3. c4 e6 4. Bg5 Bb4+ 5. Nc3 dxc4 6. e4 c5 7. Bxf6 gxf6 8.
Bxc4 cxd4 9. Qxd4 Qxd4 10. Nxd4 a6 11. Rc1 b5 12. Be2 Bb7 13. f3 Nd7 14. Nb3 Rc8
15. a3 Bd6 16. O-O Ke7 17. Rfd1 Bf4 18. Rb1 Ne5 19. Bf1 Rhg8 20. Kh1 f5 21. Nd4
fxe4 22. Nxe4 f5 23. Ng3 Bxg3 24. hxg3 Rcd8 25. Ne2 Rd2 26. Rxd2 Rc8 27. Rbd1
Nc4 28. Kg1 Nxd2 29. Rxd2 Rc5 30. Kf2 a5 31. Nd4 b4 32. Nb3 Rc7 33. axb4 axb4
34. Nd4 Bd5 35. Nxf5+ Kf6 36. Ne3 Bb7 37. Rc2 Rd7 38. Nc4 Rc7 39. Ne3 Rd7 40.
Bc4 e5 41. b3 Kg7 42. Re2 e4 43. fxe4 Bxe4 44. g4 Bg6 45. Nf5+ Kf6 46. Kg3 Rd8
47. Re3 Rd1 48. Rf3 Kg5 49. Ne3 Rc1 50. Nd5 h5 51. gxh5 Bxh5 52. Re3 Bg6 53. Ne7
Bh7 54. Nc6 Rd1 55. Ne5 Rc1 56. Nf3+ Kf6 57. Re5 Bf5 58. Re3 Bg6 59. Nh4 Bh7 60.
Rf3+ Kg7 61. Re3 Kf6 62. Bd5 Rb1 63. Nf3 Bg6 64. Ne5 Bh7 65. Nc4 Rc1 66. Bf3 Rb1
67. Nd6 Bg8 68. Be4 Bxb3 69. Bxb1 Bd5 70. Rf3+ Ke5 71. Rd3 Kxd6 72. Rd2 Kc5 73.
Kf2 b3 74. g4 Bg8 75. g5 Kb4 76. Rd8 Be6 77. g6 Kc3 78. g7 Kb2 79. Be4 Kc3 80.
Rb8 Kd4 81. Kf3 Ke5 82. Ke3 Kf6 83. g8=Q Bxg8 84. Rxg8 b2 85. Rb8 Ke5 86. Rxb2
Kd6 87. Rd2+ Kc5 88. Rd5+ Kc4 89. Rh5 Kc3 90. Rh2 Kb4 91. Rd2 Kc4 92. Bf5 Kc5
93. Ke4 Kb6 94. Kd5 Kc7 95. Rc2+ 1-0

[Event "Titled Tue 1st Jul Early"]
[Site "chess.com INT"]
[Date "2025.07.01"]
[Round "2"]
[White "Caku, Kler"]
[Black "Caetano, Hugo Zanotti Mendonca"]
[Result "1-0"]
[WhiteTitle "WFM"]
[WhiteElo "2010"]
[BlackElo "2150"]
[WhiteFideId "4704703"]
[BlackFideId "2119420"]
[EventDate "2025.07.01"]

1. e4 c5 2. Nf3 Nc6 3. d4 cxd4 4. Nxd4 g6 5. Nc3 Bg7 6. Be3 Nf6 7. Be2 O-O 8.
O-O d6 9. Qd2 Bd7 10. Rad1 Nxd4 11. Bxd4 Bc6 12. Bd3 b5 13. Nd5 Nxd5 14. exd5
Bxd5 15. Bxg7 Kxg7 16. Bxb5 Be6 17. b3 Qc7 18. Qd4+ Kg8 19. Bd3 Rfc8 20. Rfe1
Qc3 21. Qf4 Rc5 22. Re3 Qg7 23. c4 a5 24. Be4 Rac8 25. Bb7 R8c7 26. Bf3 h6 27.
Red3 a4 28. Qe3 axb3 29. axb3 Re5 30. Qd4 g5 31. h3 h5 32. Bxh5 Rcc5 33. Bf3 Qf6
34. Re3 Rxe3 35. Qxe3 Re5 36. Qd4 Re1+ 37. Kh2 Re5 38. b4 Kg7 39. b5 Rc5 40.
Qxf6+ Kxf6 41. b6 Rxc4 42. b7 Rb4 43. Ra1 d5 44. Ra7 Ke5 45. Kg3 Kd6 46. Bg4 f5
47. Bf3 f4+ 48. Kh2 Bd7 49. b8=Q+ Rxb8 50. Bxd5 Rb5 51. Bf3 e5 52. Ra6+ Ke7 53.
Rg6 Bf5 54. Rxg5 Kf6 55. Rg8 e4 56. Bg4 Bg6 57. Rf8+ Bf7 58. Rd8 Rb2 59. Rd4 Bg6
60. Rd6+ Kg5 61. Kg1 e3 62. fxe3 fxe3 63. Re6 Kf4 64. Rf6+ Kg3 65. Rxg6 Rb1+ 66.
Bd1+ Kf4 67. Rf6+ Ke5 68. Rf1 Kd4 69. Be2 Rb2 70. Re1 Kc3 71. h4 Kd2 72. Kf1 Rb4
73. g3 Rb7 74. Bf3 Rf7 75. Re2+ Kd3 76. Kg2 Rg7 77. h5 Rg5 78. g4 Kd4 79. Kg3
Rg7 80. h6 Rg8 81. Kh4 Rf8 82. Bg2 Kd3 83. Re1 Kd2 84. Rh1 e2 85. g5 Rf2 86. Bh3
Ke3 87. h7 Rf4+ 88. Kh5 Rf3 89. h8=Q Kf2 90. Qe8 Rxh3+ 91. Rxh3 e1=Q 92. Qxe1+
Kxe1 93. g6 Kf2 94. g7 Kg2 95. g8=Q+ Kxh3 96. Qg4+ Kh2 97. Qe2+ Kh1 98. Kg4 Kg1 1-0

[Event "Titled Tue 1st Jul Early"]
[Site "chess.com INT"]
[Date "2025.07.01"]
[Round "2"]
[White "Guo, Felix"]
[Black "Keneshbekov, Elim"]
[Result "1-0"]
[BlackTitle "CM"]
[WhiteElo "2091"]
[BlackElo "1892"]
[WhiteFideId "30997550"]
[BlackFideId "13816772"]
[EventDate "2025.07.01"]

1. e4 c5 2. Nf3 d6 3. c3 Nf6 4. h3 Nc6 5. d4 cxd4 6. cxd4 Nxe4 7. d5 Qa5+ 8. Nc3
Nxc3 9. bxc3 Ne5 10. Nxe5 Qxc3+ 11. Bd2 Qxe5+ 12. Be2 g6 13. O-O Bg7 14. Bb5+
Kf8 15. Rc1 Qxd5 16. Bc4 Qh5 17. Qb3 Qf5 18. Rfe1 h5 19. Bd3 Be6 20. Qxb7 Qd5
21. Be4 Qxb7 22. Bxb7 Rd8 23. Rc7 Bf6 24. a3 Kg7 25. Rec1 Bb2 26. R1c6 Bd5 27.
Rc2 Bxb7 28. Rxb2 Bd5 29. Rxe7 Kf6 30. Rxa7 Rhe8 31. h4 Kg7 32. Bc3+ Kg8 33. Rd2
Be4 34. a4 d5 35. a5 Ra8 36. Bd4 Rxa7 37. Bxa7 Ra8 38. Bb6 Ra6 39. f3 Bf5 40.
Rxd5 Kf8 41. Rd8+ Ke7 42. Rb8 Bd7 43. Kf2 Bc6 44. Rc8 Bd5 45. Rc5 Kd6 46. Rc1
Be6 47. Ke3 Ra8 48. Kd4 Rc8 49. Bc5+ Kd7 50. a6 Rc6 51. a7 Ra6 52. Rb1 Ra4+ 53.
Rb4 Ra5 54. Rb8 Ra4+ 55. Ke3 Bd5 56. Bb6 Ke6 57. Rd8 Bc6 58. Rc8 Bd5 59. Rc7 Kf5
60. Bd4 Ra3+ 61. Kf2 Kf4 62. Rc5 Ra2+ 63. Ke1 Be6 64. Rc1 Bd5 65. Bf2 f5 66. Kf1
Ke5 67. Kg1 Kf6 68. Be3 f4 69. Bd4+ Kf5 70. Rc5 Ke6 71. Kh2 Bxf3 72. Re5+ Kd6
73. Rg5 Be4 74. Kg1 f3 75. gxf3 Bxf3 76. Rxg6+ Kd5 77. Bf2 Kc4 78. Rg5 Kd3 79.
Re5 Be4 80. Rxh5 Ra1+ 81. Kh2 Ke2 82. Re5 Kf3 83. Bg1 Ba8 84. Rf5+ Kg4 85. Rf2
Rxa7 86. Rf4+ Kh5 87. Bxa7 1-0

[Event "Titled Tue 1st Jul Early"]
[Site "chess.com INT"]
[Date "2025.07.01"]
[Round "2"]
[White "Domin, Yan"]
[Black "Xie, Bryan"]
[Result "1-0"]
[WhiteTitle "FM"]
[BlackTitle "FM"]
[WhiteElo "2222"]
[BlackElo "2358"]
[WhiteFideId "34169342"]
[BlackFideId "30941296"]
[EventDate "2025.07.01"]

1. e4 c5 2. Nf3 e6 3. Nc3 Nc6 4. Bb5 Nd4 5. O-O a6 6. Bd3 Nc6 7. b3 g6 8. Bb2
Bg7 9. Re1 d6 10. Na4 Bxb2 11. Nxb2 e5 12. h3 Nge7 13. Bf1 O-O 14. c3 f5 15. d4
fxe4 16. Rxe4 cxd4 17. cxd4 d5 18. Rxe5 Nxe5 19. dxe5 Nc6 20. Qe2 Bf5 21. Rd1
Qa5 22. Na4 Rae8 23. Qe3 Be4 24. Ng5 Nxe5 25. Nxe4 dxe4 26. Nc3 Rd8 27. b4 Qxb4
28. Rb1 Qd4 29. Qxd4 Rxd4 30. Rxb7 Nd3 31. Nxe4 Rxe4 32. Bxd3 Re1+ 33. Kh2 Rxf2
34. Bxa6 Rc1 35. Rb8+ Kg7 36. Rb7+ Kh6 37. Rb3 Rcc2 38. Bb7 Rxa2 39. Bf3 Rfd2
40. Kg3 Ra4 41. Rb5 Rd7 42. Rb6 Kg7 43. Bc6 Ra3+ 44. Kh2 Rd6 45. Rb7+ Kh6 46.
Bf3 Rd2 47. Kg3 Rd5 48. Rb4 Rg5+ 49. Kh2 Rf5 50. Rh4+ Kg7 51. Rc4 Rf7 52. Rc6
Re7 53. Rb6 Rae3 54. Kg3 R3e6 55. Rb5 Re5 56. Rb4 g5 57. Rb6 R5e6 58. Rb5 Re5
59. Rb6 R7e6 60. Rb7+ Kg6 61. Rb8 h6 62. Rg8+ Kh7 63. Rb8 Rf6 64. Rb7+ Kg6 65.
Rb8 Re3 66. Rg8+ Kf7 67. Rb8 h5 68. Rh8 Kg6 69. Rg8+ Kf5 70. Rh8 h4+ 71. Kh2 Kf4
72. Ra8 Rd6 73. Ra4+ Kf5 74. Bg4+ Ke5 75. Bf3 Rd2 76. Ba8 Kf5 77. Rg4 Rdd3 78.
Bb7 Rb3 79. Bc6 Rg3 80. Ra4 Rbc3 81. Ra6 Rc2 82. Ba8 Kf4 83. Ra4+ Ke3 84. Re4+
Kf2 85. Re5 Kf1 86. Rf5+ Rf2 87. Bf3 Ke1 88. Re5+ Kd2 89. Bc6 Kd3 90. Re8 Re2
91. Bb5+ Kd4 92. Bxe2 Kd5 93. Rd8+ Ke4 94. Bf3+ Kf4 95. Rf8+ Ke3 96. Re8+ Kf4
97. Re4+ Kf5 98. Rg4 Rxg4 99. hxg4+ Kf4 100. Kh3 Ke3 101. Ba8 Kf4 102. Bb7 Ke3
103. g3 1-0

[Event "Titled Tue 1st Jul Early"]
[Site "chess.com INT"]
[Date "2025.07.01"]
[Round "2"]
[White "Yatskar, Martin"]
[Black "Starozhilov, Leonid"]
[Result "1-0"]
[WhiteTitle "CM"]
[BlackTitle "FM"]
[WhiteElo "2225"]
[BlackElo "2240"]
[WhiteFideId "34109676"]
[BlackFideId "14106752"]
[EventDate "2025.07.01"]

1. d4 Nf6 2. c4 g6 3. Nf3 Bg7 4. g3 O-O 5. Bg2 d6 6. Nc3 c6 7. O-O Bf5 8. Ne1 d5
9. cxd5 cxd5 10. Nd3 Bxd3 11. Qxd3 Nc6 12. e3 e6 13. Bd2 Rc8 14. Rac1 h5 15. Qb5
Qb6 16. Qxb6 axb6 17. Nb5 Rfd8 18. Rc2 Bf8 19. Rfc1 Ne8 20. Bf1 Nd6 21. Nxd6
Bxd6 22. Bb5 Na7 23. Rxc8 Rxc8 24. Rxc8+ Nxc8 25. h4 Kf8 26. Kf1 Ke7 27. Ke2 Na7
28. Ba4 b5 29. Bc2 Nc6 30. Bd3 Na7 31. Kd1 Kd7 32. Kc2 Kc6 33. Ba5 Nc8 34. Kb3
Nb6 35. Bb4 Bc7 36. Bc5 Nc4 37. Bb4 Bb8 38. Kc2 Bc7 39. Be1 Bd6 40. b3 Nb6 41.
f3 Nd7 42. g4 Nf6 43. g5 Ne8 44. e4 Nc7 45. Kd1 Ba3 46. Ke2 Bd6 47. Ke3 Be7 48.
Bg3 Bd6 49. Bxd6 Kxd6 50. b4 Na6 51. a3 Nc7 52. Kf4 Kd7 53. Ke5 Ke7 54. Bc2 Kd7
55. Bb3 dxe4 56. fxe4 Ke7 57. d5 exd5 58. exd5 Ne8 59. Bc2 Nd6 60. Bd3 Kd7 61.
Kf6 Ke8 62. Ke5 Kd7 63. Kd4 b6 64. Ke5 Ke7 65. Be2 Kd7 66. Kf6 Ke8 67. Bd3 Kf8
68. Bc2 Nc4 69. a4 bxa4 70. Bxa4 Nd6 71. Bc2 Nb5 72. Ke5 Ke7 73. Bd3 Nd6 74. Be2
Ne8 75. Bf3 Nd6 76. Be4 Ne8 77. Bd3 Nd6 78. Kd4 f6 79. Bxg6 fxg5 80. hxg5 h4 81.
Ke3 h3 82. Kf2 Nc4 83. Kg3 Kd6 84. Kxh3 Ne3 85. Bf7 Nc2 86. Kg4 Nxb4 87. Kh5 Ke7
88. Be6 Nd3 89. g6 Kf6 90. Kh6 Ne5 91. g7 Nf7+ 92. Bxf7 Kxf7 93. Kh7 Ke7 94.
g8=Q Kd6 95. Qe6+ Kc5 96. Qc6+ Kb4 97. d6 Ka5 98. d7 b5 99. d8=Q+ Kb4 100. Qd4+
Ka3 101. Qcc3+ 1-0

[Event "Titled Tue 1st Jul Early"]
[Site "chess.com INT"]
[Date "2025.07.01"]
[Round "2"]
[White "Shandrygin, Nikita"]
[Black "Keleberda, Tymur"]
[Result "1/2-1/2"]
[WhiteTitle "FM"]
[BlackTitle "FM"]
[WhiteElo "2209"]
[BlackElo "2339"]
[WhiteFideId "24198668"]
[BlackFideId "14174294"]
[EventDate "2025.07.01"]

1. Nf3 Nf6 2. g3 b6 3. d4 Bb7 4. Bg2 e6 5. O-O Be7 6. c4 O-O 7. b3 a5 8. Nc3 Ne4
9. Bb2 Nxc3 10. Bxc3 a4 11. d5 Bf6 12. Bxf6 Qxf6 13. e4 e5 14. b4 Qe7 15. a3 g6
16. Ne1 d6 17. Nd3 f5 18. Qc2 Nd7 19. Rae1 fxe4 20. Bxe4 Nf6 21. Bg2 Rae8 22. f4
e4 23. Nf2 e3 24. Nd3 e2 25. Rf2 Qe3 26. Rxe2 Qd4 27. h3 b5 28. cxb5 Rxe2 29.
Qxe2 Re8 30. Qd2 Bxd5 31. Nb2 Qxd2 32. Rxd2 Bxg2 33. Kxg2 Re3 34. Nd3 Ne4 35.
Rd1 Rxg3+ 36. Kh2 Re3 37. Re1 Rxd3 38. Rxe4 Rxa3 39. Re8+ Kg7 40. Rc8 Rb3 41.
Rxc7+ Kf6 42. Rxh7 Rxb4 43. Ra7 Rxf4 44. b6 Rb4 45. b7 a3 46. Kg3 a2 47. Rxa2
Rxb7 48. Ra5 Rb4 49. Rd5 Ke6 50. Rg5 Kf6 51. Rd5 Rb6 52. Kg4 Ke6 53. Rd1 Rb5 54.
h4 Re5 55. Ra1 Kf6 56. Ra6 Re4+ 57. Kg3 Rd4 58. Ra8 Rd1 59. Rf8+ Kg7 60. Rd8 d5
61. Kg4 Kf6 62. Rd6+ Kf7 63. Kg5 Rg1+ 64. Kh6 Rg4 65. h5 gxh5 66. Kxh5 Rd4 67.
Kg5 Ke7 68. Ra6 Re4 69. Kf5 Re1 70. Ra7+ Kd6 71. Ra5 d4 72. Kf4 d3 73. Ra3 d2
74. Rd3+ Ke6 75. Rxd2 Rf1+ 76. Ke3 Rf5 77. Ke4 Re5+ 78. Kf4 Ra5 79. Re2+ Kf6 80.
Kg4 Ra4+ 81. Kf3 Kf5 82. Re3 Rf4+ 83. Kg3 Rg4+ 84. Kh3 Rb4 85. Rf3+ Kg5 86. Rg3+
Kh5 87. Rc3 Rb5 88. Rc4 Rb3+ 89. Kg2 Rb5 90. Rd4 Kg5 91. Rc4 Kf5 92. Rc2 Rb3 93.
Rc4 Ke5 94. Rh4 Kf6 95. Rf4+ Kg5 96. Rf3 Rb2+ 97. Rf2 Rb5 98. Rf3 Kg4 99. Rf2
Rb3 100. Rc2 Rb4 101. Rd2 Ra4 102. Rc2 Rd4 103. Rb2 Rc4 104. Ra2 Kf4 105. Rb2
Ra4 106. Rf2+ Kg4 107. Re2 Ra3 108. Re4+ Kf5 109. Rb4 Ra2+ 110. Kf3 Ra5 111. Rh4
Ra3+ 112. Ke2 Kg5 113. Rc4 Ra5 114. Rb4 Re5+ 115. Kf3 Rf5+ 116. Kg3 Ra5 117. Rc4
Ra3+ 118. Kf2 Ra2+ 119. Ke3 Ra3+ 120. Kf2 Ra2+ 121. Kf3 Ra3+ 122. Kf2 1/2-1/2

[Event "Titled Tue 1st Jul Early"]
[Site "chess.com INT"]
[Date "2025.07.01"]
[Round "2"]
[White "Colville, Julian"]
[Black "Keatinge-Clay, Adrian"]
[Result "0-1"]
[WhiteTitle "FM"]
[BlackTitle "FM"]
[WhiteElo "2248"]
[BlackElo "2232"]
[WhiteFideId "30963273"]
[BlackFideId "2011867"]
[EventDate "2025.07.01"]

1. e4 c5 2. b4 d6 3. Nf3 Nf6 4. bxc5 dxc5 5. c3 Nc6 6. e5 Nd5 7. d4 e6 8. Bd3
Be7 9. O-O O-O 10. Bc2 cxd4 11. cxd4 Ncb4 12. Be4 b6 13. a3 Na6 14. Qd3 h6 15.
Nfd2 Bb7 16. Qg3 Kh8 17. Bd3 Bg5 18. f4 Nxf4 19. Rxf4 Bxf4 20. Qxf4 Rc8 21. Bb2
Nc5 22. Bf1 Na4 23. Nc4 Qd5 24. Ne3 Qb3 25. Nd2 Qxb2 26. Rd1 Nc3 27. Ndc4 Qb3
28. Rc1 b5 29. Ng4 Nd5 30. Qd2 Rxc4 31. Bxc4 bxc4 32. Rf1 c3 33. Qd3 Qb2 34. Qh3
c2 35. Nxh6 Qxd4+ 36. Kh1 Nf4 37. Nf5+ Nxh3 38. Nxd4 Nf2+ 39. Kg1 Nd3 40. Nxc2
Rc8 41. Nd4 Kg8 42. Rd1 Nxe5 43. Rc1 Nc6 44. Nb5 Kf8 45. Nd6 Rc7 46. Nxb7 Rxb7
47. Rxc6 Rb1+ 48. Kf2 Rb2+ 49. Kf3 Rb3+ 50. Kf4 Rxa3 51. Rc7 g6 52. h4 Kg7 53.
g4 Ra4+ 54. Kg3 Ra5 55. Kf4 Ra4+ 56. Kg3 g5 57. hxg5 Kg6 58. Kh4 Ra1 59. Rb7
Rh1+ 60. Kg3 Rg1+ 61. Kh4 Rh1+ 62. Kg3 Ra1 63. Kh4 Ra3 64. Rb8 a5 65. Rg8+ Kh7
66. Rb8 Kg7 67. Ra8 a4 68. g6 Kxg6 69. Rg8+ Kf6 70. g5+ Ke7 71. Kh5 Ra1 72. Kh6
Rh1+ 73. Kg7 a3 74. Ra8 Rh3 75. Ra7+ Ke8 76. Rxf7 Rh7+ 77. Kxh7 Kxf7 78. g6+ Ke7
79. g7 a2 80. g8=Q a1=Q 81. Qg5+ Qf6 82. Qc5+ Kf7 83. Qh5+ Ke7 84. Qc5+ Ke8 85.
Qc8+ Kf7 86. Qb7+ Qe7 87. Qf3+ Ke8+ 88. Kg6 Kd7 89. Qb7+ Kd6 90. Qb6+ Kd5 91.
Qb5+ Qc5 92. Qd3+ Qd4 93. Qb5+ Ke4 94. Qc6+ Qd5 95. Qc2+ Kf4 96. Qf2+ Ke4 97.
Qg2+ Kd4 98. Qd2+ Kc5 99. Qa5+ Kd6 100. Qd8+ Ke5 101. Qf6+ Ke4 102. Qh4+ Kd3
103. Qg3+ Kc4 104. Qf4+ Qd4 105. Qc7+ Qc5 106. Qf4+ Qd4 107. Qc7+ Kd3 108. Qg3+
Ke4 109. Qg4+ Kd5 110. Qg5+ Qe5 111. Qd8+ Ke4 112. Qa8+ Kf4 113. Qa4+ Qe4+ 114.
Qxe4+ Kxe4 115. Kf6 e5 116. Kg5 Kf3 117. Kf5 e4 118. Kg5 e3 0-1

[Event "Titled Tue 1st Jul Early"]
[Site "chess.com INT"]
[Date "2025.07.01"]
[Round "2"]
[White "Ibarra Jerez, Jose Carlos"]
[Black "Chiang, Jacob"]
[Result "1/2-1/2"]
[WhiteTitle "GM"]
[WhiteElo "2545"]
[BlackElo "2032"]
[WhiteFideId "2226332"]
[BlackFideId "30962331"]
[EventDate "2025.07.01"]

1. e4 c5 2. Nf3 d6 3. d4 cxd4 4. Qxd4 Nf6 5. Qd3 g6 6. Nc3 Bg7 7. Be2 O-O 8. O-O
Na6 9. Bg5 Nc5 10. Qe3 a5 11. Rad1 Qb6 12. b3 Qc6 13. Bb5 Qb6 14. a4 Bg4 15.
Bxf6 Bxf6 16. Nd5 Qd8 17. e5 Bg7 18. exd6 exd6 19. Qf4 Bxf3 20. Qxf3 Ne6 21.
Rfe1 Rc8 22. c3 h5 23. h3 Qg5 24. Re4 Kh7 25. h4 Qd8 26. g3 Rc5 27. b4 Rc8 28.
Qe3 Nc7 29. Nxc7 Qxc7 30. Rc4 Qb8 31. Rxc8 Rxc8 32. bxa5 Rxc3 33. Qe7 Qc7 34.
Qxc7 Rxc7 35. Rxd6 Bc3 36. a6 bxa6 37. Bxa6 Bb4 38. Rd4 Ba5 39. Rd5 Bb6 40. a5
Ba7 41. Be2 Kg7 42. Kf1 Kf6 43. a6 Ke6 44. Rd2 Rc5 45. Kg2 Rf5 46. Bc4+ Ke7 47.
Bd3 Rd5 48. Re2+ Kf6 49. Bc4 Rc5 50. Re4 g5 51. hxg5+ Kxg5 52. Bxf7 Rc2 53. Rf4
h4 54. Bb3 Rb2 55. Bd1 hxg3 56. Rg4+ Kf5 57. Rxg3 Rxf2+ 58. Kh3 Ra2 59. Bg4+ Ke5
60. Bc8 Bb8 61. Rb3 Ba7 62. Bb7 Kd4 63. Kg4 Kc4 64. Rf3 Kb5 65. Rf5+ Kb6 66. Rf1
Re2 67. Rc1 Re7 68. Kf5 Kb5 69. Rb1+ Kc5 70. Kf6 Re2 71. Rc1+ Kb5 72. Rc8 Kb6
73. Kf5 Re1 74. Rc6+ Kb5 75. Rc2 Kb6 76. Rb2+ Kc5 77. Kf4 Re8 78. Kf3 Re6 79.
Kf4 Bb8+ 80. Kf5 Rb6 81. Rc2+ Kb5 82. Rc8 Ba7 83. Ra8 Rxa6 84. Bxa6+ Kxa6 85.
Re8 Kb7 86. Re2 Bc5 87. Ke6 Kc6 88. Rc2 Kb5 89. Kd5 Bg1 90. Rb2+ Ka6 91. Kc6 Ka7
92. Rg2 Be3 93. Rg8 Bd4 94. Re8 Bg1 95. Re7+ Ka8 96. Rg7 Ba7 97. Rf7 Bg1 98. Re7
Bf2 99. Re2 Ba7 100. Rb2 Bb8 101. Kb6 Ba7+ 102. Kc7 Bg1 103. Rb8+ Ka7 104. Rh8
Bb6+ 105. Kc6 Bd4 106. Rh4 Bf2 107. Ra4+ Kb8 108. Re4 Bg1 109. Re7 Bf2 110. Re2
Bg1 111. Rg2 Bd4 112. Ra2 Be3 113. Ra4 Bg1 114. Rb4+ Ka8 115. Kb5 Kb7 116. Rg4
Be3 117. Rg7+ Ka8 118. Ka6 Kb8 119. Re7 Bd4 120. Rd7 Be3 121. Kb5 Kc8 122. Kc6
Kb8 123. Rd3 Bf2 124. Rd2 Bg1 125. Rb2+ Ka8 126. Rb1 Bd4 127. Kc7 Ba7 128. Rd1
Be3 129. Rd8+ Ka7 130. Rd3 Bf4+ 131. Kc6 Ka8 132. Ra3+ Kb8 133. Rf3 Bd2 134.
Rf8+ Ka7 1/2-1/2

[Event "Titled Tue 1st Jul Early"]
[Site "chess.com INT"]
[Date "2025.07.01"]
[Round "3"]
[White "Aranda, Juan Manuel"]
[Black "Bristy, Mukherjee"]
[Result "1-0"]
[WhiteTitle "CM"]
[BlackTitle "WFM"]
[WhiteElo "2134"]
[BlackElo "2031"]
[WhiteFideId "160458"]
[BlackFideId "25077325"]
[EventDate "2025.07.01"]

1. Nf3 b6 2. a4 Bb7 3. a5 a6 4. axb6 cxb6 5. e3 Nf6 6. d4 g6 7. g3 Bg7 8. Bg2
O-O 9. O-O d6 10. b3 Nbd7 11. Bb2 Qc7 12. Nbd2 Rfc8 13. c4 a5 14. Qe2 Nb8 15.
Rfc1 Na6 16. e4 Nb4 17. e5 Nd7 18. e6 Nf6 19. exf7+ Kxf7 20. Ng5+ Kg8 21. Qe6+
Kh8 22. Nf7+ Kg8 23. Nh6+ Kh8 24. Qg8+ Nxg8 25. Nf7# 1-0

[Event "Titled Tue 1st Jul Early"]
[Site "chess.com INT"]
[Date "2025.07.01"]
[Round "3"]
[White "Hernandez Leon, Sergio"]
[Black "Ahn, Hongjin"]
[Result "1-0"]
[WhiteTitle "CM"]
[BlackTitle "IM"]
[WhiteElo "2109"]
[BlackElo "2304"]
[WhiteFideId "2285622"]
[BlackFideId "13201492"]
[EventDate "2025.07.01"]

1. e4 c5 2. Nc3 a6 3. g3 b5 4. Bg2 Bb7 5. d3 e6 6. Nh3 b4 7. Ne2 Nf6 8. O-O Nc6
9. e5 Ng4 10. f4 h5 11. Ng5 Be7 12. Ne4 Qc7 13. c3 a5 14. h3 Nh6 15. d4 cxd4 16.
cxd4 Ba6 17. Re1 Qb6 18. Be3 Nf5 19. Bf2 Bxe2 20. Rxe2 Ncxd4 21. Rd2 d5 22. exd6
Bd8 23. Bxd4 Nxd4 24. Rxd4 Rc8 25. d7+ 1-0

[Event "Titled Tue 1st Jul Early"]
[Site "chess.com INT"]
[Date "2025.07.01"]
[Round "3"]
[White "Dilmukhametov, Artur"]
[Black "Uritsky, Yonathan"]
[Result "0-1"]
[WhiteTitle "FM"]
[BlackTitle "FM"]
[WhiteElo "2276"]
[BlackElo "2368"]
[WhiteFideId "24179922"]
[BlackFideId "2825651"]
[EventDate "2025.07.01"]

1. e4 c5 2. c3 e6 3. d4 d5 4. e5 Nc6 5. Nf3 Bd7 6. Bg5 Qb6 7. Qc2 cxd4 8. cxd4
Nxd4 9. Nxd4 Qxd4 10. f4 Rc8 11. Qe2 Rc1+ 12. Qd1 Rxd1+ 13. Ke2 Bb5+ 14. Kf3
Bxf1 15. Bh4 Rd3+ 16. Kg4 h5+ 17. Kg5 Be7# 0-1

[Event "Titled Tue 1st Jul Early"]
[Site "chess.com INT"]
[Date "2025.07.01"]
[Round "3"]
[White "Sreyas, Payyappat"]
[Black "Khazhatuly, Alikhan"]
[Result "0-1"]
[WhiteTitle "FM"]
[BlackTitle "CM"]
[WhiteElo "2107"]
[BlackElo "2172"]
[WhiteFideId "46674969"]
[BlackFideId "13731335"]
[EventDate "2025.07.01"]

1. e4 c5 2. Nf3 e6 3. d4 cxd4 4. Nxd4 a6 5. Nc3 Bb4 6. Bd3 d6 7. O-O Nf6 8. f4
Bc5 9. Be3 Nc6 10. Nce2 Ng4 11. Qd2 Nxe3 12. Qxe3 e5 13. fxe5 Nxd4 14. Nxd4 dxe5
15. Qf3 0-1

[Event "Titled Tue 1st Jul Early"]
[Site "chess.com INT"]
[Date "2025.07.01"]
[Round "3"]
[White "Shymanskyi, Oleksandr"]
[Black "Gogolev, Artem"]
[Result "1-0"]
[WhiteTitle "FM"]
[BlackTitle "IM"]
[WhiteElo "2218"]
[BlackElo "2240"]
[WhiteFideId "14168880"]
[BlackFideId "4116615"]
[EventDate "2025.07.01"]

1. e4 c6 2. d4 d5 3. e5 Bf5 4. h4 h5 5. Bd3 Bxd3 6. Qxd3 Qa5+ 7. Nd2 e6 8. Nf3
Nh6 9. O-O Nf5 10. c4 Be7 11. a3 O-O 12. b4 Bxb4 13. Nb3 Qa6 14. axb4 dxc4 15.
Rxa6 cxd3 16. Ra3 Rd8 17. Bg5 Rd5 18. Ra5 1-0

[Event "Titled Tue 1st Jul Early"]
[Site "chess.com INT"]
[Date "2025.07.01"]
[Round "3"]
[White "Huschenbeth, Niclas"]
[Black "Dighton, Simon"]
[Result "1-0"]
[WhiteTitle "GM"]
[BlackTitle "CM"]
[WhiteElo "2591"]
[BlackElo "2237"]
[WhiteFideId "24604747"]
[BlackFideId "408603"]
[EventDate "2025.07.01"]

1. e4 c5 2. Nf3 d6 3. d4 cxd4 4. Nxd4 Nf6 5. Nc3 g6 6. Be3 Bg7 7. Be2 Nc6 8. Qd2
O-O 9. O-O-O Ng4 10. Bxg4 Bxg4 11. f3 Nxd4 12. Bxd4 Be6 13. h4 Qa5 14. h5 Bxd4
15. Qxd4 Bxa2 16. hxg6 fxg6 17. b3 Rac8 18. Kb2 e5 19. Qd5+ Kg7 20. Qxa5 1-0

[Event "Titled Tue 1st Jul Early"]
[Site "chess.com INT"]
[Date "2025.07.01"]
[Round "3"]
[White "Xie, Bryan"]
[Black "Bilochenko, Matvii"]
[Result "1-0"]
[WhiteTitle "FM"]
[BlackTitle "CM"]
[WhiteElo "2358"]
[BlackElo "2005"]
[WhiteFideId "30941296"]
[BlackFideId "41834062"]
[EventDate "2025.07.01"]

1. e4 d6 2. d4 Nf6 3. Nc3 g6 4. Be3 Bg7 5. Qd2 a6 6. O-O-O b5 7. f3 b4 8. Nce2
a5 9. Kb1 O-O 10. Bh6 Ba6 11. h4 Nc6 12. h5 a4 13. Bxg7 Kxg7 14. hxg6 fxg6 15.
Qh6+ Kg8 16. Nf4 Bb7 17. Ne6 1-0

[Event "Titled Tue 1st Jul Early"]
[Site "chess.com INT"]
[Date "2025.07.01"]
[Round "3"]
[White "Tyukhanov, Alexey"]
[Black "Cernov, Henrik"]
[Result "1/2-1/2"]
[WhiteTitle "CM"]
[BlackTitle "FM"]
[WhiteElo "2218"]
[BlackElo "2258"]
[WhiteFideId "24149829"]
[BlackFideId "16258312"]
[EventDate "2025.07.01"]

1. e4 c5 2. Nf3 e6 3. c3 d5 4. exd5 Qxd5 5. Na3 Qd8 6. Be2 Nf6 7. O-O Nc6 8. d4
cxd4 9. cxd4 Be7 10. Bf4 Nd5 11. Bg3 O-O 12. Nc4 b6 13. Rc1 Bb7 14. Re1 Rc8 15.
a3 Bf6 16. Nce5 Nce7 17. Qd2 Nf5 18. Rxc8 Qxc8 19. Bd3 Nxg3 20. hxg3 g6 21. Rc1
Qd8 22. Bb5 Bg7 23. Nd7 Re8 24. Nde5 Rf8 25. Nd7 Re8 26. Nde5 Rf8 1/2-1/2

[Event "Titled Tue 1st Jul Early"]
[Site "chess.com INT"]
[Date "2025.07.01"]
[Round "3"]
[White "Benmesbah, Natacha"]
[Black "Gubajdullin, Alexei"]
[Result "0-1"]
[WhiteTitle "WGM"]
[BlackTitle "FM"]
[WhiteElo "2237"]
[BlackElo "2233"]
[WhiteFideId "642002"]
[BlackFideId "4141202"]
[EventDate "2025.07.01"]

1. e4 c5 2. Nf3 d6 3. Bb5+ Nd7 4. O-O Nf6 5. Re1 e5 6. a4 Be7 7. c3 O-O 8. d4
Qc7 9. dxe5 dxe5 10. Bg5 Rd8 11. Nbd2 Nf8 12. Bxf6 Bxf6 13. h3 Ne6 14. Nf1 Rxd1
15. Raxd1 a6 16. Bc4 Bd7 17. Ne3 Bxa4 18. Nd5 Qb8 19. b3 b5 20. bxa4 bxc4 21.
Rb1 Qe8 22. Nb6 Rd8 23. Red1 Nf4 24. Nxc4 Rxd1+ 25. Rxd1 Qxa4 26. Rb1 h6 27.
Rb8+ Kh7 28. Ne3 Qxe4 29. c4 Nxh3+ 0-1

[Event "Titled Tue 1st Jul Early"]
[Site "chess.com INT"]
[Date "2025.07.01"]
[Round "3"]
[White "Ghoreishi Amiri, Seyed Kian"]
[Black "Boyer, Mahel"]
[Result "0-1"]
[WhiteTitle "CM"]
[BlackTitle "GM"]
[WhiteElo "2215"]
[BlackElo "2542"]
[WhiteFideId "36757527"]
[BlackFideId "45102422"]
[EventDate "2025.07.01"]

1. e4 Nc6 2. d4 d5 3. e5 Bf5 4. Nf3 e6 5. c3 f6 6. Bb5 Ne7 7. O-O a6 8. Bxc6+
Nxc6 9. exf6 Qxf6 10. h3 Bd6 11. Nh2 Qg6 12. Kh1 Bxb1 13. Bh6 Bc2 0-1